Čo je globalizácia? omyly globalizmu, odpovede na globalizáciu
Salvato in:
| Autore principale: | |
|---|---|
| Altri autori: | |
| Natura: | Libro |
| Lingua: | slovacco |
| Pubblicazione: |
Bratislava
Vydavateľstvo Spolku slovenských spisovateľov
2004
|
| Serie: | Pohľady za horizont
zv. 1. |
| Soggetti: | |
| Tags: |
Nessun Tag, puoi essere il primo ad aggiungerne!!
|
MARC
| LEADER | 00000nam$a2200000$$$4500 | ||
|---|---|---|---|
| 001 | 0029812 | ||
| 005 | 20240314091106.9 | ||
| 020 | |a 80-8061-190-4 | ||
| 041 | 0 | |a slo | |
| 044 | |a SK | ||
| 245 | 1 | 0 | |a Čo je globalizácia? |b omyly globalizmu, odpovede na globalizáciu |c Ulrich Beck ; preklad: Peter Kubica |
| 264 | 1 | |a Bratislava |b Vydavateľstvo Spolku slovenských spisovateľov |c 2004 | |
| 300 | |a 189 s. | ||
| 490 | 1 | |a Pohľady za horizont |v zv. 1. | |
| 830 | 0 | |a Pohľady za horizont |v zv. 1. | |
| 610 | 2 | 0 | |a globalizácia |
| 610 | 2 | 0 | |a suverenita štátna |
| 610 | 2 | 0 | |a hospodárstvo svetové |
| 610 | 2 | 0 | |a sociológia |
| 610 | 2 | 0 | |a spoločnosť občianska |
| 610 | 2 | 0 | |a trh svetový |
| 610 | 2 | 0 | |a protekcionizmus |
| 610 | 2 | 0 | |a nacionalizmus |
| 610 | 2 | 0 | |a spolupráca medzinárodná |
| 610 | 2 | 0 | |a spoločnosti nadnárodné |
| 610 | 2 | 0 | |a riziko politické |
| 610 | 2 | 0 | |a vzdelávanie |
| 610 | 2 | 0 | |a Európa |
| 100 | 1 | |a Beck, Ulrich | |
| 700 | 1 | |a Kubica, Peter | |